000 01092nam0a2200289 4500
001 RU\NLR\ONL1\9798
005 20250613120359.0
035 _a(NLR Aleph) 009638546
090 _a9535942
_c9535942
100 _a20060927d1929 |||y0rusy50 ca
101 0 _achm
102 _aRU
105 _ay |||||||||
200 1 _aИкиäш киндым удымäш годым хрэсäньлäн мам пäлäш кэлэш
_fМ. И. Лацисы|н кньигä вылэц Н. В. Игнатьев сäрэн
210 _aКозмодемьянск
_cМар. изд-во
_d1929
215 _a54 с.
_d18
225 1 _aИкиäшы|м у|ды|мäшэш
541 1 _a[Что надо знать крестьянину о весеннем посеве]
_zrus
606 0 _aПосевные кампании
_91266562
_3RU\NLR\auth\66203050
686 1 _aП145
700 1 _aЛацис
_bМ. И.
_gМартин Иванович
_4070
801 0 _aRU
_bNLR
_c20060927
_gPSBO
852 _aNLR
_bОНЛ
_jМар.г./2-298
942 _cBOOK
980 _aNB